000 01768nam a2200445 i 4500
001 44769
003 KOSZ 005
005 20210202131315.0
008 050505s2004 pl a f |100 0 pol d
020 _a8389696150
040 _cKOSZ 005
_aKOSZ 005
_dKOSZ 005/HR
041 0 _apol
_beng
046 _k2004
080 _a628.1
080 _a614.7
080 _a(06)
245 0 0 _aZaopatrzenie w wodę, jakość i ochrona wód :
_bXVIII Krajowa, VI Międzynarodowa Konferencja : Poznań, Polska 2004 r. = Water supply and water quality.
_nT.1 /
_cred. Maria Elektorowicz, Marek M. Sozański
246 3 1 _aWater supply and water quality
260 _aPoznań :
_bPolskie Zrzeszenie Inżynierów i Techników Sanitarnych. Oddział Wielkopolski,
_c2004.
300 _a922 s. :
_bil. ;
_c24 cm.
336 _2rdacontent
_aTekst
_btxt
337 _2rdamedia
_aBez urzadzenia pośredniczącego
_bn
338 _2rdacarrier
_aWolumin
_bnc
380 _aKsiążki
380 _aPublikacje naukowe
388 _a2001-
504 _aBibliogr. przy mater.
546 _aTekst częśc. ang. Streszcz. ang. i pol. przy ref.
650 4 _aWoda
650 4 _aZaopatrzenie w wodę
650 4 _aOchrona
655 _aMateriały konferencyjne
658 _aInżynieria i technika
658 _aOchrona środowiska
700 1 _aSozański, Marek M.
_d(1942- )
_eRedakcja
700 1 _aElektorowicz, Maria
_eRedakcja
856 _uhttp://koha.tu.koszalin.pl/cgi-bin/koha/opac-detail.pl?biblionumber=44769
_yKatalog online BPK
942 _cKS
_2UKD
999 _c44769
_d44769